000 00584nam a2200205Ia 4500
001 ench-43 [cei0000044]
003 IT-MiCISF
008 161014s9999||||xx |||||||||||||| ||und||
040 _aIT-MiCISF
_cIT-MiCISF
041 _ait
100 _aAA.VV.
245 0 _aL'aborto e l'eutanasia sono cultura di morte - Nota pastorale
250 _a1a ed.
260 _bEnchiridion CEI/3
_c1985
300 _ap. 1598-1599
500 _aConsiglio permanente della CEI / diritto-alla-vita, aborto, eutanasia / documento
650 _aaborto
942 _cBK
957 _71
999 _a43
_bsi
_g1
_c208989
_d208989